Mānavīya nishṭhā : (Record no. 68295)

MARC details
000 -LEADER
fixed length control field 00829cam a22002531 4500
001 - CONTROL NUMBER
control field sa 66002305
003 - CONTROL NUMBER IDENTIFIER
control field DLC
005 - DATE AND TIME OF LATEST TRANSACTION
control field 20260227112228.0
008 - FIXED-LENGTH DATA ELEMENTS--GENERAL INFORMATION
fixed length control field 840628s1964 ii 000 0 hino
010 ## - LIBRARY OF CONGRESS CONTROL NUMBER
LC control number sa 66002305
025 ## - OVERSEAS ACQUISITION NUMBER
Overseas acquisition number Pl480:I-H-2643
035 ## - SYSTEM CONTROL NUMBER
System control number (OCoLC)21727465
040 ## - CATALOGING SOURCE
Original cataloging agency DLC
Transcribing agency CU
Modifying agency DLC
042 ## - AUTHENTICATION CODE
Authentication code premarc
043 ## - GEOGRAPHIC AREA CODE
Geographic area code a-ii---
050 00 - LIBRARY OF CONGRESS CALL NUMBER
Classification number DS481.D45
Item number A5 1964
100 1# - MAIN ENTRY--PERSONAL NAME
Personal name Dharmadhikari, Dada,
Dates associated with a name 1899-1985.
245 10 - TITLE STATEMENT
Title Mānavīya nishṭhā :
Remainder of title Viśvanīṛam, Baṅgalora meṃ Maī '60meṃ kiye gaye pravacana.
Statement of responsibility, etc. [Lekhaka] Dada Dharmadhikari. Ādi-vacana: Raṅganātha Rā. Divākara.
250 ## - EDITION STATEMENT
Edition statement [1. saṃskaraṇa]
260 ## - PUBLICATION, DISTRIBUTION, ETC.
Place of publication, distribution, etc. Vārānasi :
Name of publisher, distributor, etc. Sarva-Seva-SanghaP̲rakaśana,
Date of publication, distribution, etc. [1964]
300 ## - PHYSICAL DESCRIPTION
Extent 6, 190 p. ;
Dimensions 18 cm.
500 ## - GENERAL NOTE
General note In Hindi.
651 #0 - SUBJECT ADDED ENTRY--GEOGRAPHIC NAME
Geographic name India
General subdivision Politics and government

No items available.

Powered by Koha